[Event "CAN-ch U16 Girls"]
[Site "Kitchener"]
[Date "2006.07.10"]
[Round "1"]
[White "Plamondon, Andreanne"]
[Black "Wan, Karen"]
[Result "0-1"]
[WhiteElo "1519"]
[BlackElo "1088"]
[PlyCount "68"]
[EventDate "2006.07.10"]
[EventType "tourn"]
[EventRounds "7"]
[EventCountry "CAN"]
[SourceTitle "CBM 113 Extra"]
[Source "ChessBase"]
[SourceDate "2006.09.14"]
[SourceVersion "1"]
[SourceVersionDate "2006.09.14"]
[SourceQuality "1"]

1. e4 c5 2. Nc3 Nc6 3. Nf3 d6 4. Bc4 Nf6 5. h3 Nd4 6. d3 Nc6 7. 0-0 e6 8. Re1 Be7 9. d4 cxd4 10. Nxd4 Nxd4 11. Qxd4 e5 12. Qd3 0-0 13. Nd5 Nxd5 14. Bxd5 Bh4 15. Be3 Qf6 16. Qb3 Qg6 17. Bd2 Be6 18. Bb4 Rad8 19. Rad1 Qf6 20. Re2 Qf4 21. g3 Qg5 22. Bxe6 fxe6 23. Qxe6+ Rf7 24. Red2 Bxg3 25. fxg3 Qxg3+ 26. Rg2 Qe3+ 27. Kh1 Qxe4 28. Ba3 Qf3 29. Rdg1 Kh8 30. Bxd6 Rf6 31. Qe7 Qxh3+ 32. Rh2 Qf3+ 33. Rgg2 Qd1+ 34. Rg1 Qd5+ 0-1

[Event "CAN-ch U14 Girls"]
[Site "Kapuskasing"]
[Date "2004.07.07"]
[Round "3"]
[White "Plamondon, Andreanne"]
[Black "Nadeau, Gabrielle"]
[Result "1-0"]
[WhiteElo "1287"]
[BlackElo "1385"]
[PlyCount "93"]
[EventDate "2004.07.06"]
[EventType "tourn"]
[EventRounds "5"]
[EventCountry "CAN"]
[SourceTitle "EXT 2006"]
[Source "ChessBase"]
[SourceDate "2005.11.24"]
[SourceVersion "1"]
[SourceVersionDate "2005.11.24"]
[SourceQuality "1"]

1. e4 c5 2. Nf3 Nc6 3. c3 d6 4. Bb5 Bd7 5. 0-0 Nf6 6. Qc2 g6 7. d3 Bg7 8. Be3 0-0 9. Nbd2 a6 10. Bxc6 Bxc6 11. Nc4 Qc7 12. Qc1 Bb5 13. b3 Bxc4 14. bxc4 Nh5 15. Bh6 Qa5 16. Bxg7 Kxg7 17. Re1 Rab8 18. e5 Rfe8 19. Nh4 dxe5 20. Rxe5 Qc7 21. Qe3 b6 22. Rg5 Qf4 23. Qxf4 Nxf4 24. d4 cxd4 25. Nf5+ Kf6 26. Rg3 Kxf5 27. Rf3 Kg5 28. Re1 Nh5 29. cxd4 Nf6 30. h4+ Kxh4 31. Re5 g5 32. Rh3+ Kg4 33. f3+ Kf4 34. Kf2 Ne4+ 35. fxe4 Rbd8 36. Rf3+ Kg4 37. Rff5 f6 38. Rd5 Rc8 39. Rf3 Kh5 40. c5 bxc5 41. e5 fxe5 42. Rxe5 c4 43. Re6 Rf8 44. Rxa6 Rxf3+ 45. Kxf3 c3 46. g4+ Kh4 47. Rh6# 1-0